000 00273nam a22001217a 4500
003 SGT
082 _a954.03
_bTHA
100 _aTHAROOR SHASHI
245 _aAN ERA OF DARKNESS THE BRITISH EMPIRE IN INDIA
260 _aINDIA
_bABC
_c2016
300 _a333
942 _2ddc
_cBK
999 _c33543
_d33543